| 000 | 00896nam a2200229 4500 | ||
|---|---|---|---|
| 005 | 20251208164019.0 | ||
| 010 | _aB-746027-034 ENG-147278 E.N.A./7 7.11.22 | ||
| 020 |
_a9789391032081 _c325.00 |
||
| 035 | _aB-746027-034 | ||
| 035 | _aEN-130810 | ||
| 037 | _bAsian Books | ||
| 037 | _bDBAD | ||
| 082 | _a352.6 | ||
| 100 |
_aRajagopalan, R. _985928 |
||
| 245 |
_aR Rajagopalan's Case Studies in Ethics, Integrity & Aptitude: _bfor civil Services Main Examination/ _cR Rajagopalan |
||
| 250 | _a3rd | ||
| 260 |
_aHaryana _bOak Bridge _c2022 |
||
| 270 |
_aM 35, 1st Floor,old DLF, Gurugram, _bHaryana _e122001 |
||
| 300 |
_a332p. _c22cm(pbk) |
||
| 942 |
_2ddc _cEN _mRRJ _h352.6 |
||
| 999 |
_c193770 _d193770 |
||